The federal role in unemployment compensation administration /

Bibliographic Details
Main Author: Atkinson, Raymond Cummings, 1895-
Corporate Author: Social Science Research Council (U.S.). Committee on Social Security
Format: Book
Language:English
Published: Washington [D.C.] : Committee on social security, Social science research council, 1941.
Subjects:

MARC

Tag First Indicator Second Indicator Subfields
LEADER 00000cam a2200000 4500
001 in00000064049
005 20151008051156.0
008 731001s1941 dcu 00000 eng u
010 |a  41007791  
035 |a (OCoLC)00706188 
035 |9 AAG6215AM 
040 |c VTU  |d TXA  |d UtOrBLW 
049 |a TXAM  |c [93745] 
050 0 |a HD7096.U5  |b A75 1941 
092 |a 331.25444  |b A877f 
100 1 |a Atkinson, Raymond Cummings,  |d 1895- 
245 1 4 |a The federal role in unemployment compensation administration /  |c by Raymond C. Atkinson; a report prepared for the Committee on social security. 
264 1 |a Washington [D.C.] :  |b Committee on social security, Social science research council,  |c 1941. 
300 |a x, 192 pages ;  |c 24 cm. 
336 |a text  |b txt  |2 rdacontent 
337 |a unmediated  |b n  |2 rdamedia 
338 |a volume  |b nc  |2 rdacarrier 
650 0 |a Unemployment insurance  |z United States. 
710 2 |a Social Science Research Council (U.S.).  |b Committee on Social Security. 
999 |a MARS 
999 f f |s 3cf44aef-3925-3b3d-9dc3-e723395a76c6  |i 67f3df58-57cd-3420-ad4d-c447bf7d73f8  |t 0 
952 f f |p ric  |a Texas A&M University  |b Rellis Campus  |c Joint Library Facility  |d Remote Storage  |t 0  |e HD7096.U5 A75 1941  |h Library of Congress classification  |i unmediated -- volume  |m A14800719185 
998 f f |a HD7096.U5 A75 1941  |t 0  |l Remote Storage